| 000 | 00786nab a22002417a 4500 | ||
|---|---|---|---|
| 001 | 13968 | ||
| 003 | HDC | ||
| 007 | cr bn ---aaaaa | ||
| 008 | 210128c99999999my ||||o |||| 00| 00eng d | ||
| 040 | _aHDC | ||
| 100 |
_aLazo, Kristyn Nika, _eauthor _914645 |
||
| 245 | 0 |
_aMSMEs rake in P16M sales from Sikat Pinoy fair / _cKristyn Nika Lazo |
|
| 336 |
_atext _2rdacontent |
||
| 337 |
_acomputer _2rdamedia |
||
| 338 |
_aonline resource _2rdacarrier |
||
| 650 |
_aFood _91783 |
||
| 650 |
_aHalal food industry _9128 |
||
| 710 | _aThe Manila Times | ||
| 856 | _zRequest full-text at [email protected] | ||
| 942 | _2lcc | ||
| 942 | _cNEWS | ||
| 942 | _kNWSO 003128 | ||
| 999 |
_c11284 _d11284 |
||